000 01802cam a22004814i 4500
003 PE-LiUPU
005 20250731184554.0
008 150625s1989 sp a rb 000 0 spa d
020 _a8425418380
035 _a(Sirsi) i9788425418389
040 _aPE-LiUPU
_bspa
_cPE-LiUPU
_erda
049 _aPRUA
082 0 4 _a933.05092
_bH13
_221
100 1 _aHadas-Lebel, Mireille,
_eautor.
245 1 0 _aFlavio Josefo :
_bel judío de Roma /
_cMirreille Hadas-Lebel.
264 1 _aMadrid :
_bHerder,
_c1989.
300 _a251 p. :
_bilustraciones ;
_c22 centímetros
336 _atext
_2rdacontent
337 _aunmediated
_2rdamedia
338 _avolume
_2rdacarrier
504 _aIncluye referencias bibliográficas.
505 0 _aOpciones espiriturales -- El viaje a Roma -- Gobernador de Galilea -- El arte de sobrevivir -- El cautivo de Cesarea -- Ante las murallas de Jerusalén -- El judío de Roma -- El oficio de historiador -- Destino póstumo.
526 _aP136
526 _aP135
526 _aP134
526 _aP133
526 _aP144
526 _aP143
526 _aP87
526 _aP35
526 _aP20
526 _aP14
526 _aP10
526 _aP06
541 _g007-0017628;
600 1 _aJosefo, Flavio.
_d37 - c. 100 dC
650 0 4 _aJudios
_xHistoria
_yRebelión, 66-73.
942 _2ddc
_cBOOK
949 _a933.05092 H13
_wDEWEY
_c1
_i55877
_lCCODEBUL1
_mBUL
_p23.00
_r0
_sY
_tBOOK
_u2015-6-25
_xTEOLOGIA
_zUNKNOWN
_0COMPRA
_o.STAFF. Colección General
994 _aC0
_bPEPRU
596 _a1
999 _a933.05092 H13
_wDEWEY
_c44714
_i55877
_d44714
_e2017-10-31
_f2021-11-11
_g5
_lCCODEBUL1
_mBUL
_n1
_p23.00
_q2
_r0
_sY
_tBOOK
_u2015-6-25
_xTEOLOGIA
_PP35
_0COMPRA
_o.STAFF. Colección Teología
980 _81
_gALBERTO SANCHEZ Responsable de Automatización